000 00899nas a2200289 4500
001 BR0201993
003 BR-BrBNA
005 20231205102904.0
007 ta
008 230509b bl.|||p| |||| 00| 00por d
040 _aBR-BrBNA
_bpor
_cBiblioteca Nacional de Agricultura
041 _a(Pt)
072 _aH20
100 1 _aAmabile, R.F.
100 1 _aVasconcelos, C.M.
100 1 _aGomes, A.C.
245 1 _aSeveridade da mancha-de-alternária em cultivares de girassol na região do cerrado do Distrito Federal
650 _aGIRASSOL
650 _aMANCHA DE ALTERNÁRIA
650 _aÉPOCA DE SEMEADURA
650 _aVARIEDADE
650 _aUMIDADE RELATIVA
650 _aDISTRITO FEDERAL
773 0 _tPesquisa Agropecuária Brasileira (Brazil)
_xISSN 0100-204X
_g(Mar 2002), v. 37(3) p. 251-257
_wBR0201993
909 _a202311
_bLúcia
_c55
_dLúcia Elande
942 _2AGRIS
_n0
_cANA
999 _c169904
_d169904